[Event "Titled Tuesday intern op 18th Mar Late"]
[Site "Chess.com INT"]
[Date "2025.03.18"]
[Round "3"]
[White "Baker, Chris W"]
[Black "Fazulyanov, Sergey"]
[Result "0-1"]
[WhiteElo "2151"]
[BlackElo "2350"]
[PlyCount "102"]
[EventDate "2025.03.18"]
[EventType "swiss (blitz)"]
[EventRounds "11"]
[EventCountry "USA"]
[SourceTitle "CB13_2025"]
[SourceDate "2025.03.26"]
[SourceVersion "1"]
[SourceVersionDate "2025.03.26"]
[SourceQuality "1"]

1. e4 c5 2. Nf3 Nc6 3. c3 Nf6 4. Bd3 e5 5. 0-0 Be7 6. Bc2 d5 7. d3 0-0 8. h3 h6 9. Re1 d4 10. cxd4 cxd4 11. a3 Be6 12. Nbd2 b5 13. Bb3 Qd7 14. Bxe6 Qxe6 15. Nf1 a5 16. Ng3 Rfc8 17. Nf5 Bf8 18. Bd2 b4 19. axb4 Nxb4 20. Bxb4 Bxb4 21. Re2 Ra7 22. Rc2 Rac7 23. Rac1 Qb3 24. Rxc7 Qxd1+ 25. Rxd1 Rxc7 26. Nxe5 Rc2 27. Nc4 Bc5 28. f3 g6 29. Nxh6+ Kg7 30. Ng4 Nd7 31. Ra1 f5 32. exf5 gxf5 33. Nge5 Nxe5 34. Nxe5 Bb4 35. Nc4 Kf6 36. Nxa5 Rxb2 37. Nc4 Rb3 38. Ra6+ Kg5 39. Rb6 Kf4 40. Kh2 Rb1 41. Rb5 Rb3 42. h4 Rb1 43. Nd6 Ke3 44. Rxf5 Bxd6+ 45. Kh3 Kxd3 46. h5 Ke3 47. Kg4 d3 48. Rd5 Bf8 49. Rd8 d2 50. Kf5 d1Q 51. Rxd1 Rxd1 0-1

[Event "Titled Tuesday intern op 12th Sep Early"]
[Site "Chess.com INT"]
[Date "2023.09.12"]
[Round "2"]
[White "Demina, Marya"]
[Black "Fazulyanov, Sergey"]
[Result "0-1"]
[WhiteElo "1890"]
[BlackElo "2350"]
[PlyCount "54"]
[EventDate "2023.09.12"]
[EventType "swiss (blitz)"]
[EventRounds "11"]
[EventCountry "USA"]
[SourceTitle "EXT 2024"]
[Source "ChessBase"]
[SourceDate "2023.10.10"]
[SourceVersion "1"]
[SourceVersionDate "2023.10.10"]
[SourceQuality "1"]

1. d4 d5 2. c4 c6 3. e4 dxe4 4. Nc3 Nf6 5. Bg5 Bf5 6. Nge2 Bg6 7. Ng3 Nbd7 8. d5 e5 9. dxe6 fxe6 10. Be2 Qa5 11. Be3 Bb4 12. 0-0 0-0 13. Nb1 Ne5 14. a3 Be7 15. Qc2 Nd3 16. Nc3 h5 17. Ngxe4 Nxe4 18. Bxd3 Nxc3 19. Bxg6 Na4 20. Bxh5 Qxh5 21. Qxa4 Bd6 22. g3 Be5 23. Rab1 Rf7 24. Rfe1 a6 25. Bb6 Qf5 26. Qc2 Qxc2 27. Rxe5 Qxb1+ 0-1

[Event "Titled Tuesday intern op 12th Sep Early"]
[Site "Chess.com INT"]
[Date "2023.09.12"]
[Round "11"]
[White "Fazulyanov, Sergey"]
[Black "Arslanov, Shamil"]
[Result "1-0"]
[WhiteElo "2350"]
[BlackElo "2410"]
[PlyCount "127"]
[EventDate "2023.09.12"]
[EventType "swiss (blitz)"]
[EventRounds "11"]
[EventCountry "USA"]
[SourceTitle "EXT 2024"]
[Source "ChessBase"]
[SourceDate "2023.10.10"]
[SourceVersion "1"]
[SourceVersionDate "2023.10.10"]
[SourceQuality "1"]

1. e4 d6 2. c3 e5 3. Nf3 f5 4. exf5 Bxf5 5. Qb3 Nd7 6. Qxb7 Ngf6 7. d4 e4 8. Nfd2 Rb8 9. Qxa7 d5 10. c4 Bb4 11. Nc3 0-0 12. Be2 Bg4 13. Nxd5 Bxe2 14. Kxe2 Nxd5 15. cxd5 Qh4 16. Rf1 Qg4+ 17. Ke1 Qxg2 18. Qa6 Rbe8 19. Kd1 Rxf2 20. Rxf2 Qxf2 21. Qe2 e3 22. Nc4 Qg1+ 23. Kc2 Qg6+ 24. Qd3 Qxd3+ 25. Kxd3 e2 26. Bd2 e1Q 27. Bxe1 Bxe1 28. d6 cxd6 29. Nxd6 Re6 30. Nf5 Ba5 31. Rg1 g6 32. d5 Re5 33. Nh6+ Kg7 34. Ng4 Rxd5+ 35. Kc4 Rc5+ 36. Kb3 Bb6 37. Rg2 Ne5 38. Nxe5 Rxe5 39. a4 g5 40. Kc4 h5 41. b4 g4 42. a5 Bd8 43. Rd2 Re8 44. Rd7+ Kf6 45. a6 Ke6 46. Rh7 Ke5 47. Rxh5+ Kf4 48. Rh7 Bb6 49. Kb5 Bg1 50. Kc6 Re2 51. b5 Rc2+ 52. Kb7 Bxh2 53. a7 Rb2 54. a8Q Rxb5+ 55. Kc6 Rb2 56. Qf8+ Kg3 57. Qd6+ Kg2 58. Rxh2+ Kf3 59. Rxb2 g3 60. Qd3+ Kg4 61. Rb4+ Kh3 62. Rb3 Kh2 63. Qxg3+ Kh1 64. Rb1# 1-0

[Event "Titled Tuesday intern op 12th Sep Early"]
[Site "Chess.com INT"]
[Date "2023.09.12"]
[Round "9"]
[White "Fazulyanov, Sergey"]
[Black "Bilan, Danila"]
[Result "0-1"]
[WhiteElo "2350"]
[BlackElo "2303"]
[PlyCount "136"]
[EventDate "2023.09.12"]
[EventType "swiss (blitz)"]
[EventRounds "11"]
[EventCountry "USA"]
[SourceTitle "EXT 2024"]
[Source "ChessBase"]
[SourceDate "2023.10.10"]
[SourceVersion "1"]
[SourceVersionDate "2023.10.10"]
[SourceQuality "1"]

1. e4 c6 2. d4 d5 3. exd5 cxd5 4. Bd3 Nc6 5. c3 Qc7 6. h3 Nf6 7. Nf3 g6 8. 0-0 Bf5 9. Bxf5 gxf5 10. Qd3 e6 11. Ne5 Nxe5 12. dxe5 Qxe5 13. Qb5+ Nd7 14. Qxb7 Rb8 15. Qc6 Rg8 16. Nd2 Bd6 17. Nf3 Qe4 18. Kh1 Ke7 19. Bg5+ f6 20. Rfe1 Qc4 21. Qxc4 dxc4 22. Bc1 Bc5 23. Re2 e5 24. Be3 Bxe3 25. fxe3 Nc5 26. Rd1 Ne4 27. Kh2 Rgd8 28. Rxd8 Rxd8 29. Nh4 Ke6 30. Nf3 Rd1 31. g4 fxg4 32. hxg4 a5 33. a3 a4 34. Kg2 h6 35. Kh2 Ng5 36. Nxg5+ hxg5 37. Kg2 Rb1 38. Kf3 Rf1+ 39. Kg2 Rd1 40. Kf2 f5 41. gxf5+ Kxf5 42. e4+ Kf4 43. Kg2 g4 44. Kf2 g3+ 45. Kg2 Rb1 46. Rd2 Kxe4 47. Kxg3 Rf1 48. Kg2 Rf7 49. Rd8 Rb7 50. Ra8 Rxb2+ 51. Kf1 Kd3 52. Rxa4 e4 53. Ra8 e3 54. Rd8+ Kxc3 55. Ke1 Ra2 56. Re8 Kd3 57. Rd8+ Ke4 58. Re8+ Kd4 59. Rd8+ Kc5 60. Rc8+ Kb5 61. Rb8+ Ka4 62. Ra8+ Kb3 63. Re8 Rxa3 64. Rxe3+ Kb2 65. Rxa3 Kxa3 66. Kd2 Kb2 67. Kd1 c3 68. Ke2 c2 0-1

[Event "Titled Tuesday intern op 12th Sep Late"]
[Site "Chess.com INT"]
[Date "2023.09.12"]
[Round "6"]
[White "Fazulyanov, Sergey"]
[Black "Di Nicolantonio, Lucas"]
[Result "1/2-1/2"]
[WhiteElo "2350"]
[BlackElo "2388"]
[PlyCount "172"]
[EventDate "2023.09.12"]
[EventType "swiss (blitz)"]
[EventRounds "11"]
[EventCountry "USA"]
[SourceTitle "EXT 2024"]
[Source "ChessBase"]
[SourceDate "2023.10.10"]
[SourceVersion "1"]
[SourceVersionDate "2023.10.10"]
[SourceQuality "1"]

1. e4 c6 2. d4 d5 3. exd5 cxd5 4. Bd3 Nf6 5. c3 Bg4 6. Qb3 Qc7 7. Nd2 e6 8. h3 Bh5 9. Ngf3 Bd6 10. 0-0 0-0 11. Ne5 Bxe5 12. dxe5 Qxe5 13. Qxb7 Nbd7 14. Nb3 a5 15. Be3 a4 16. Nc5 Nxc5 17. Bxc5 Rfb8 18. Qc6 Rc8 19. Bd4 Qb8 20. Qb5 Qxb5 21. Bxb5 Rcb8 22. c4 Be2 23. Rfc1 Ne4 24. Bc6 Bxc4 25. Bxa8 Rxa8 26. b3 Bb5 27. bxa4 Bxa4 28. Rc7 h5 29. Rac1 Bb5 30. Rc8+ Rxc8 31. Rxc8+ Kh7 32. Rb8 Bc4 33. a3 Nd6 34. a4 f6 35. a5 e5 36. Bc5 Ne4 37. Bb4 d4 38. f3 Ng3 39. Rb6 f5 40. Bd6 Ne2+ 41. Kf2 e4 42. a6 e3+ 43. Ke1 d3 44. Bb4 Nf4 45. a7 Nxg2+ 46. Kd1 Bb3+ 47. Kc1 Bd5 48. Rb8 Bxf3 49. a8Q d2+ 50. Bxd2 exd2+ 51. Kxd2 Bxa8 52. Rxa8 Nf4 53. h4 Ng2 54. Ra4 f4 55. Ke2 Kg6 56. Kf3 Nxh4+ 57. Kxf4 Kh6 58. Ra6+ g6 59. Rb6 Nf5 60. Rf6 Nd4 61. Rd6 Ne2+ 62. Kf3 Nc3 63. Kf4 Nb5 64. Rb6 Nd4 65. Ra6 Kg7 66. Kg5 Nf3+ 67. Kf4 Nd2 68. Kg5 Ne4+ 69. Kf4 Nc5 70. Rc6 Nd3+ 71. Kg5 Ne5 72. Rc7+ Kg8 73. Kf6 Ng4+ 74. Kxg6 Ne5+ 75. Kxh5 Kf8 76. Kg5 Ke8 77. Kf6 Nd7+ 78. Ke6 Nf8+ 79. Kd6 Ng6 80. Rg7 Nf8 81. Ra7 Ng6 82. Ke6 Nf8+ 83. Kf6 Nd7+ 84. Ke6 Nf8+ 85. Kd6 Ng6 86. Ke6 Nf8+ 1/2-1/2

[Event "Titled Tuesday intern op 12th Sep Early"]
[Site "Chess.com INT"]
[Date "2023.09.12"]
[Round "10"]
[White "Fernandez Bustamante, Leancy B"]
[Black "Fazulyanov, Sergey"]
[Result "0-1"]
[WhiteElo "2059"]
[BlackElo "2350"]
[PlyCount "102"]
[EventDate "2023.09.12"]
[EventType "swiss (blitz)"]
[EventRounds "11"]
[EventCountry "USA"]
[SourceTitle "EXT 2024"]
[Source "ChessBase"]
[SourceDate "2023.10.10"]
[SourceVersion "1"]
[SourceVersionDate "2023.10.10"]
[SourceQuality "1"]

1. e4 c5 2. Nf3 Nc6 3. Bb5 g6 4. Bxc6 dxc6 5. 0-0 Bg7 6. Re1 e5 7. d3 Ne7 8. Be3 b6 9. a3 h6 10. b4 cxb4 11. axb4 0-0 12. Qd2 Kh7 13. Nc3 f5 14. Qc1 f4 15. Bd2 g5 16. b5 c5 17. Rd1 Bg4 18. Ne2 Ng6 19. Qb2 Bxf3 20. gxf3 Nh4 21. Nc3 Qd7 22. Kf1 Qh3+ 23. Ke1 Qxf3 24. Nd5 Qh3 25. Bc3 Qxh2 26. Kd2 Qxf2+ 27. Kc1 Nf3 28. Kb1 Qe2 29. Ka2 a6 30. Kb3 axb5 31. Rxa8 Rxa8 32. Nxb6 Rb8 33. Nd7 Rb7 34. Nxc5 Rc7 35. Ne6 Rxc3+ 36. Qxc3 Qxd1 37. Nxg7 Nd4+ 38. Kb4 Qb1+ 39. Kc5 Kxg7 40. Kd6 Qxc2 41. Qa5 Qc6+ 42. Kxe5 Nf3+ 43. Kf5 Qf6+ 44. Kg4 Ne5+ 45. Kh3 Qe6+ 46. Kg2 Qg4+ 47. Kf1 Qf3+ 48. Ke1 Nxd3+ 49. Kd2 Qe3+ 50. Kc2 Qe2+ 51. Kb1 Qb2# 0-1

[Event "Titled Tuesday intern op 05th Sep Early"]
[Site "Chess.com INT"]
[Date "2023.09.05"]
[Round "3"]
[White "Samaganova, Alexandra"]
[Black "Fazulyanov, Sergey"]
[Result "1-0"]
[WhiteElo "1827"]
[BlackElo "2350"]
[PlyCount "57"]
[EventDate "2023.09.05"]
[EventType "swiss (blitz)"]
[EventRounds "11"]
[EventCountry "USA"]
[SourceTitle "EXT 2024"]
[Source "ChessBase"]
[SourceDate "2023.10.10"]
[SourceVersion "1"]
[SourceVersionDate "2023.10.10"]
[SourceQuality "1"]

1. c4 e5 2. Nc3 Nc6 3. g3 g6 4. Bg2 Bg7 5. e3 Nge7 6. Nge2 0-0 7. 0-0 d6 8. d4 exd4 9. exd4 Nf5 10. d5 Ne5 11. b3 h5 12. h3 b6 13. Bb2 a5 14. Qc2 g5 15. Kh2 g4 16. Nf4 Nd4 17. Qc1 Ndf3+ 18. Kh1 Bh6 19. Ne4 gxh3 20. Bxf3 Nxf3 21. Nf6+ Kg7 22. N4xh5+ Kg6 23. Qc3 Ne5 24. f4 Bg4 25. fxe5 Bxh5 26. Qd3+ Kg5 27. Qe3+ Kg6 28. Qe4+ Kg5 29. Bc1# 1-0

[Event "Titled Tuesday intern op 05th Sep Early"]
[Site "Chess.com INT"]
[Date "2023.09.05"]
[Round "1"]
[White "Tabatabaei, Mohammad Amin"]
[Black "Fazulyanov, Sergey"]
[Result "1-0"]
[WhiteElo "2685"]
[BlackElo "2350"]
[PlyCount "89"]
[EventDate "2023.09.05"]
[EventType "swiss (blitz)"]
[EventRounds "11"]
[EventCountry "USA"]
[SourceTitle "EXT 2024"]
[Source "ChessBase"]
[SourceDate "2023.10.10"]
[SourceVersion "1"]
[SourceVersionDate "2023.10.10"]
[SourceQuality "1"]

1. c4 e5 2. d3 Nc6 3. Nf3 g6 4. g3 Bg7 5. Bg2 Nge7 6. 0-0 0-0 7. Nc3 d6 8. Rb1 a5 9. a3 f5 10. Bd2 h6 11. b4 axb4 12. axb4 Be6 13. b5 Na5 14. Qc2 Qd7 15. Bc1 g5 16. Bb2 c6 17. Na4 Qc7 18. Ba3 c5 19. Nd2 f4 20. Ne4 Nf5 21. Bb2 g4 22. Ra1 h5 23. Ng5 Bc8 24. Nc3 Nd4 25. Nd5 Qd8 26. Bxd4 Qxg5 27. Bc3 f3 28. Bh1 h4 29. Rxa5 Rxa5 30. Bxa5 hxg3 31. fxg3 Be6 32. Bd2 Qh5 33. Be3 Rf7 34. Qd1 e4 35. dxe4 Be5 36. exf3 Bxg3 37. hxg3 Qh3 38. Bg2 Qxg3 39. Qe1 Qe5 40. f4 Qb2 41. Qg3 Rh7 42. f5 Bf7 43. f6 Bg6 44. Qxg4 Kf7 45. Qd7+ 1-0

[Event "Titled Tuesday intern op 29th Aug Late"]
[Site "Chess.com INT"]
[Date "2023.08.29"]
[Round "7"]
[White "Yeritsyan, Hayk"]
[Black "Fazulyanov, Sergey"]
[Result "0-1"]
[WhiteElo "2179"]
[BlackElo "2350"]
[PlyCount "70"]
[EventDate "2023.08.29"]
[EventType "swiss (blitz)"]
[EventRounds "11"]
[EventCountry "USA"]
[SourceTitle "EXT 2024"]
[Source "ChessBase"]
[SourceDate "2023.10.10"]
[SourceVersion "1"]
[SourceVersionDate "2023.10.10"]
[SourceQuality "1"]

1. d4 d5 2. Nf3 c6 3. Bf4 Nf6 4. Nbd2 a6 5. c4 b5 6. cxd5 cxd5 7. e3 e6 8. Bd3 Bd6 9. Bxd6 Qxd6 10. Ne5 0-0 11. 0-0 Bb7 12. Rc1 Nbd7 13. f4 Ne4 14. Nxd7 Qxd7 15. Bxe4 dxe4 16. Nb3 Bd5 17. Nc5 Qd6 18. a3 a5 19. Qd2 Rfb8 20. b3 b4 21. axb4 Rxb4 22. Ra1 Qb6 23. Rfc1 h6 24. Ra3 Bxb3 25. Rb1 a4 26. Nxb3 Rb8 27. Qc2 Rxb3 28. Raxb3 axb3 29. Qxe4 b2 30. Qd3 Rc8 31. h3 Rc1+ 32. Kh2 Rxb1 33. Qxb1 Qb3 34. e4 Qc3 35. d5 Qc1 0-1

[Event "Titled Tuesday intern op 13th Apr"]
[Site "Chess.com INT"]
[Date "2021.04.13"]
[Round "9"]
[White "Fazulyanov, Sergey"]
[Black "Garcia Garcia, Alejandro"]
[Result "1-0"]
[WhiteElo "2350"]
[BlackElo "2247"]
[PlyCount "101"]
[EventDate "2021.04.13"]
[EventType "swiss (blitz)"]
[EventRounds "11"]
[EventCountry "USA"]
[SourceTitle "CBM 201 Extra"]
[Source "ChessBase"]
[SourceDate "2021.05.31"]
[SourceVersion "1"]
[SourceVersionDate "2021.05.31"]
[SourceQuality "1"]

1. e4 c5 2. Nf3 e6 3. d4 cxd4 4. Nxd4 Nc6 5. a3 Nf6 6. Nc3 Be7 7. Be3 0-0 8. Be2 d5 9. exd5 Nxd5 10. Nxd5 Qxd5 11. Bf3 Qa5+ 12. Bd2 Qc7 13. Nxc6 bxc6 14. 0-0 Rb8 15. Bc3 Ba6 16. Re1 Rbd8 17. Qc1 h6 18. Qe3 c5 19. Rad1 Bg5 20. Qe4 Rxd1 21. Rxd1 Rd8 22. Rxd8+ Bxd8 23. g3 Bf6 24. Bxf6 gxf6 25. Qh4 Kg7 26. Qg4+ Kh7 27. Qh5 f5 28. g4 fxg4 29. Qxg4 f5 30. Qa4 Bb7 31. Qb3 Qg7+ 32. Kf1 Bxf3 33. Qxf3 Qxb2 34. Qe2 Qb1+ 35. Kg2 Qb7+ 36. Kg1 Qd7 37. h3 Kg6 38. Qe5 Qd1+ 39. Kh2 Qd5 40. Qg3+ Kh5 41. Qg7 Qd6+ 42. Kg2 Qd5+ 43. Kg1 Qd1+ 44. Kh2 Qxc2 45. Qf7+ Kg5 46. Qg7+ Kh5 47. Qf7+ Kg5 48. Qg7+ Kf4 49. Qxh6+ Ke4 50. Qxe6+ Kf3 51. Qe3# 1-0

[Event "Titled Tuesday intern op 30th Mar"]
[Site "Chess.com INT"]
[Date "2021.03.30"]
[Round "3"]
[White "Fazulyanov, Sergey"]
[Black "Domingo Nunez, Alejandro"]
[Result "0-1"]
[WhiteElo "2350"]
[BlackElo "2358"]
[PlyCount "65"]
[EventDate "2021.03.30"]
[EventType "swiss (blitz)"]
[EventRounds "11"]
[EventCountry "USA"]
[SourceTitle "CBM 201 Extra"]
[Source "ChessBase"]
[SourceDate "2021.05.31"]
[SourceVersion "1"]
[SourceVersionDate "2021.05.31"]
[SourceQuality "1"]

1. e4 c5 2. Nf3 e6 3. d4 cxd4 4. Nxd4 Nc6 5. Nb5 d6 6. c4 Nf6 7. f3 a6 8. N5c3 Be7 9. Bf4 0-0 10. Na3 b6 11. Qd2 Qc7 12. Be2 Bb7 13. 0-0 Rfd8 14. Rfd1 Rac8 15. Rab1 Ne5 16. Bf1 Kh8 17. Be3 Rg8 18. Qf2 Ned7 19. Rdc1 Bd8 20. b4 Qb8 21. Nc2 Bc7 22. Qh4 Bd8 23. Qh3 g5 24. Be2 Ne5 25. Bd4 Nxc4 26. Bxc4 Rxc4 27. Qh6 e5 28. Be3 Rxc3 29. Bxg5 Ng4 30. fxg4 Bxg5 31. Qh5 Bxe4 32. Rf1 Bxc2 33. Rxf7 0-1

[Event "Titled Tuesday intern op 30th Mar"]
[Site "Chess.com INT"]
[Date "2021.03.30"]
[Round "1"]
[White "Fazulyanov, Sergey"]
[Black "Jaskolka, Tomasz"]
[Result "0-1"]
[WhiteElo "2350"]
[BlackElo "2220"]
[PlyCount "100"]
[EventDate "2021.03.30"]
[EventType "swiss (blitz)"]
[EventRounds "11"]
[EventCountry "USA"]
[SourceTitle "CBM 201 Extra"]
[Source "ChessBase"]
[SourceDate "2021.05.31"]
[SourceVersion "1"]
[SourceVersionDate "2021.05.31"]
[SourceQuality "1"]

1. e4 e6 2. d4 d5 3. e5 c5 4. c3 Nc6 5. Nf3 Bd7 6. a3 f6 7. Bd3 fxe5 8. dxe5 Qc7 9. Bf4 Nh6 10. 0-0 Nf7 11. Qe2 g6 12. Nbd2 Bg7 13. Rfe1 0-0-0 14. b4 c4 15. Bc2 Rdf8 16. a4 g5 17. Nxg5 Nxg5 18. Bxg5 Qxe5 19. Be3 Qxc3 20. Rec1 Nxb4 21. Bxa7 Nxc2 22. Rab1 Bd4 23. Nf3 Bxa7 24. Rxc2 Qf6 25. a5 Bc6 26. a6 Rhg8 27. Ne5 Bxf2+ 28. Qxf2 Qxe5 29. Qa7 Qb8 30. axb7+ Kc7 31. Qa5+ Kd7 32. Re2 Rg6 33. Qc5 Rfg8 34. Rb6 e5 35. g3 Qd6 36. Qxd6+ Kxd6 37. b8Q+ Rxb8 38. Rxb8 d4 39. Kf2 d3 40. Rd2 Rf6+ 41. Ke1 e4 42. Rd8+ Kc5 43. Rf2 Rxf2 44. Kxf2 c3 45. Ke3 c2 46. Kd2 e3+ 47. Kc1 e2 48. Kd2 e1Q+ 49. Kxe1 c1Q+ 50. Kf2 Qd2+ 0-1

[Event "Titled Tuesday intern op 09th Mar"]
[Site "Chess.com INT"]
[Date "2021.03.09"]
[Round "1"]
[White "Fazulyanov, Sergey"]
[Black "Murthy, Pappu LN"]
[Result "1-0"]
[WhiteElo "2350"]
[BlackElo "1940"]
[PlyCount "73"]
[EventDate "2021.03.09"]
[EventType "swiss (blitz)"]
[EventRounds "11"]
[EventCountry "USA"]
[SourceTitle "CBM 201 Extra"]
[Source "ChessBase"]
[SourceDate "2021.05.31"]
[SourceVersion "1"]
[SourceVersionDate "2021.05.31"]
[SourceQuality "1"]

1. e4 c5 2. Nf3 Nc6 3. d4 cxd4 4. Nxd4 Nf6 5. Nc3 e5 6. Ndb5 d6 7. Nd5 Nxd5 8. exd5 Nb8 9. c4 Be7 10. Be2 f5 11. f4 Bf6 12. Nc3 0-0 13. 0-0 Nd7 14. Kh1 Qe7 15. Qc2 e4 16. Be3 b6 17. Rab1 Nc5 18. b4 Na6 19. Rfc1 Bd7 20. c5 dxc5 21. Bxa6 cxb4 22. Ne2 Qd6 23. Qb3 h6 24. Qxb4 Qb8 25. Bd4 Kh7 26. Bxf6 Rxf6 27. Qe7 Ba4 28. Rc7 Qg8 29. Qxf6 Rf8 30. Qe5 b5 31. Bxb5 Bxb5 32. Rxb5 Re8 33. Qxf5+ Kh8 34. Rbb7 Rb8 35. Rxb8 Qxb8 36. Rc8+ Qxc8 37. Qxc8+ 1-0

[Event "Titled Tuesday intern op 09th Mar"]
[Site "Chess.com INT"]
[Date "2021.03.09"]
[Round "2"]
[White "Gazik, Viktor"]
[Black "Fazulyanov, Sergey"]
[Result "1-0"]
[WhiteElo "2542"]
[BlackElo "2350"]
[PlyCount "113"]
[EventDate "2021.03.09"]
[EventType "swiss (blitz)"]
[EventRounds "11"]
[EventCountry "USA"]
[SourceTitle "CBM 201 Extra"]
[Source "ChessBase"]
[SourceDate "2021.05.31"]
[SourceVersion "1"]
[SourceVersionDate "2021.05.31"]
[SourceQuality "1"]

1. e4 c5 2. Nc3 Nc6 3. Bb5 g6 4. Bxc6 dxc6 5. f4 Bg7 6. Nf3 Bg4 7. 0-0 Nf6 8. d3 0-0 9. h3 Bxf3 10. Qxf3 e6 11. Be3 b6 12. Kh1 Qd7 13. a4 a5 14. Rae1 Rae8 15. e5 Nd5 16. Ne4 f6 17. exf6 Nxf6 18. Nd2 Nd5 19. Nc4 e5 20. Bd2 exf4 21. Rxe8 Rxe8 22. c3 Qf5 23. Bxf4 Nxf4 24. Nd6 Qxd3 25. Nxe8 Qxf3 26. Rxf3 Nd5 27. Nd6 Be5 28. Ne4 Kg7 29. Kg1 h6 30. Kf2 c4 31. g3 b5 32. Nd2 g5 33. Rf5 Bf6 34. axb5 Kg6 35. g4 Ne7 36. Rc5 cxb5 37. Rxb5 a4 38. Nxc4 Kf7 39. Kf3 Ke6 40. Rb6+ Kf7 41. Ke4 Nc8 42. Ra6 Ne7 43. Ne5+ Bxe5 44. Kxe5 Ng6+ 45. Ke4 Nf4 46. Rxh6 Kg7 47. Ra6 Nxh3 48. Rxa4 Nf2+ 49. Kf5 Nd3 50. Kxg5 Nxb2 51. Ra7+ Kf8 52. Kf6 Ke8 53. g5 Nc4 54. g6 Nd6 55. g7 Ne4+ 56. Kg6 Nd6 57. g8Q# 1-0

[Event "Titled Tuesday intern op 09th Mar"]
[Site "Chess.com INT"]
[Date "2021.03.09"]
[Round "6"]
[White "Rakotomaharo, Fy Antenaina"]
[Black "Fazulyanov, Sergey"]
[Result "1-0"]
[WhiteElo "2429"]
[BlackElo "2350"]
[PlyCount "95"]
[EventDate "2021.03.09"]
[EventType "swiss (blitz)"]
[EventRounds "11"]
[EventCountry "USA"]
[SourceTitle "CBM 201 Extra"]
[Source "ChessBase"]
[SourceDate "2021.05.31"]
[SourceVersion "1"]
[SourceVersionDate "2021.05.31"]
[SourceQuality "1"]

1. Nf3 d5 2. e3 Nf6 3. c4 c6 4. Nc3 Bf5 5. cxd5 cxd5 6. Qb3 b6 7. Bb5+ Bd7 8. Nxd5 Nxd5 9. Qxd5 Bxb5 10. Qxb5+ Qd7 11. a4 e6 12. 0-0 Bd6 13. d4 0-0 14. Qxd7 Nxd7 15. b3 Rfc8 16. Bd2 Nf6 17. Rfc1 Ne4 18. Be1 Kf8 19. Kf1 Ke7 20. Ke2 h6 21. Kd3 f5 22. h3 Kd7 23. Nd2 Nf6 24. Nc4 Bc7 25. f3 Nd5 26. Bd2 a6 27. e4 Nf6 28. Rc2 b5 29. Ne3 fxe4+ 30. fxe4 Bf4 31. Rxc8 Rxc8 32. axb5 axb5 33. Ra5 Kc6 34. Ra6+ Kd7 35. Ba5 g5 36. e5 Nh5 37. Rd6+ Ke7 38. Bb4 Kf7 39. Rb6 Bxe3 40. Kxe3 Rc2 41. Rb7+ Kg6 42. g4 Nf4 43. Bf8 h5 44. Rg7+ Kh6 45. Rc7+ Kg6 46. Rxc2 hxg4 47. hxg4 Nd5+ 48. Kf3 1-0

[Event "Titled Tuesday intern op 7th July"]
[Site "Chess.com INT"]
[Date "2020.07.07"]
[Round "10"]
[White "Fazulyanov, Sergey"]
[Black "Socko, Monika"]
[Result "0-1"]
[WhiteElo "2350"]
[BlackElo "2428"]
[PlyCount "74"]
[EventDate "2020.07.07"]
[EventType "swiss (blitz)"]
[EventRounds "10"]
[EventCountry "USA"]
[SourceTitle "CBM 197 Extra"]
[Source "ChessBase"]
[SourceDate "2020.09.30"]
[SourceVersion "1"]
[SourceVersionDate "2020.09.30"]
[SourceQuality "1"]

1. e4 e6 2. d4 d5 3. e5 c5 4. c3 Nc6 5. Nf3 Qb6 6. a3 c4 7. Nbd2 Na5 8. g3 Bd7 9. h4 Ne7 10. Bh3 Nc8 11. 0-0 Qc7 12. Qe2 Nb6 13. Re1 0-0-0 14. Ng5 Be8 15. f4 h6 16. Ngf3 Be7 17. Nf1 Bd7 18. Be3 Rdg8 19. Kg2 Kb8 20. N1h2 Qd8 21. Rf1 Nb3 22. Rae1 f5 23. exf6 gxf6 24. Nd2 f5 25. h5 Rg7 26. Rf3 Rhg8 27. Bf2 Nxd2 28. Qxd2 Qe8 29. Rfe3 Qxh5 30. Qe2 Qxe2 31. R1xe2 Bd6 32. Nf3 Bxf4 33. Rxe6 Bxe6 34. Rxe6 Rxg3+ 35. Bxg3 Rxg3+ 36. Kf2 Rxh3 37. Rf6 Rh1 0-1

[Event "Titled Tuesday intern op 19th May"]
[Site "Chess.com INT"]
[Date "2020.05.19"]
[Round "2"]
[White "Magalashvili, Davit"]
[Black "Fazulyanov, Sergey"]
[Result "1-0"]
[WhiteElo "2456"]
[BlackElo "2350"]
[PlyCount "67"]
[EventDate "2020.05.19"]
[EventType "swiss (blitz)"]
[EventRounds "10"]
[EventCountry "USA"]
[SourceTitle "EXT 2021"]
[Source "ChessBase"]
[SourceDate "2020.10.23"]
[SourceVersion "1"]
[SourceVersionDate "2020.10.23"]
[SourceQuality "1"]

1. Nf3 d5 2. g3 Nf6 3. Bg2 Bf5 4. 0-0 e6 5. d3 Be7 6. Nbd2 h6 7. c4 c6 8. cxd5 exd5 9. Qb3 Qb6 10. Qc2 0-0 11. e4 Bh7 12. Re1 Bb4 13. a3 Bxd2 14. Bxd2 dxe4 15. dxe4 Nbd7 16. Nh4 Rfe8 17. Nf5 Bxf5 18. exf5 Ng4 19. Bc3 Ngf6 20. h3 Rxe1+ 21. Rxe1 Re8 22. Rxe8+ Nxe8 23. g4 Qc5 24. Qe4 Nef6 25. Qf4 Nd5 26. Bxd5 Qxd5 27. Qc7 Nc5 28. Qb8+ Kh7 29. Qxa7 Ne4 30. Qe3 Ng5 31. Kh2 Qd1 32. Kg2 Qd5+ 33. f3 b5 34. h4 1-0

[Event "Titled Tuesday intern op 5th May"]
[Site "Chess.com INT"]
[Date "2020.05.05"]
[Round "4"]
[White "Srdanovic, Jovana"]
[Black "Fazulyanov, Sergey"]
[Result "0-1"]
[WhiteElo "2070"]
[BlackElo "2350"]
[PlyCount "72"]
[EventDate "2020.05.05"]
[EventType "swiss (blitz)"]
[EventRounds "10"]
[EventCountry "USA"]
[SourceTitle "EXT 2021"]
[Source "ChessBase"]
[SourceDate "2020.10.23"]
[SourceVersion "1"]
[SourceVersionDate "2020.10.23"]
[SourceQuality "1"]

1. d4 d5 2. c4 c6 3. Nf3 Nf6 4. Qc2 a6 5. g3 g6 6. Bg2 Bg7 7. 0-0 0-0 8. Nbd2 b5 9. b3 Bf5 10. Qd1 Nbd7 11. c5 Ne4 12. Bb2 Ndxc5 13. Nh4 Nxd2 14. Nxf5 gxf5 15. Qxd2 Ne4 16. Qc2 Rc8 17. f3 Nd6 18. Rad1 Qd7 19. Rfe1 Qe6 20. e4 fxe4 21. fxe4 Nxe4 22. Bxe4 dxe4 23. Rxe4 Qg6 24. Qg2 e6 25. h3 h5 26. Rde1 Rfd8 27. Kh2 Rd5 28. Rf4 c5 29. dxc5 Rcxc5 30. Re2 Bxb2 31. Rxb2 Rf5 32. Rd4 Kh7 33. Rbd2 Rc1 34. Rd1 Rfc5 35. R1d2 Re1 36. Qf2 Rcc1 0-1

[Event "Titled Tuesday intern op 6th Aug"]
[Site "Chess.com INT"]
[Date "2019.08.06"]
[Round "1"]
[White "Fazulyanov, Sergey"]
[Black "Moskalenko, Alexander"]
[Result "1/2-1/2"]
[WhiteElo "2350"]
[BlackElo "2524"]
[PlyCount "56"]
[EventDate "2019.08.06"]
[EventType "swiss (blitz)"]
[EventRounds "10"]
[EventCountry "USA"]
[SourceTitle "EXT 2021"]
[Source "ChessBase"]
[SourceDate "2020.10.23"]
[SourceVersion "1"]
[SourceVersionDate "2020.10.23"]
[SourceQuality "1"]

1. e4 c6 2. d4 d5 3. Nc3 dxe4 4. Nxe4 Nf6 5. Nxf6+ exf6 6. c3 Bd6 7. Bd3 0-0 8. Qc2 Re8+ 9. Ne2 f5 10. Bxf5 Bxf5 11. Qxf5 Nd7 12. Be3 Nb6 13. 0-0-0 Nc4 14. Rd3 g6 15. Qf3 Qa5 16. Kb1 Qb5 17. Bc1 Re7 18. b3 Rae8 19. Ng3 Bxg3 20. hxg3 Re2 21. Rxh7 Na3+ 22. Bxa3 Rxf2 23. Qxf2 Qxd3+ 24. Kc1 Qxc3+ 25. Kd1 Qd3+ 26. Kc1 Qc3+ 27. Kd1 Qd3+ 28. Kc1 Qc3+ 1/2-1/2